| 000 | 00567nam a2200133Ia 4500 | ||
|---|---|---|---|
| 999 |
_c20262 _d20262 |
||
| 082 | _aRS.0883 | ||
| 100 |
_aSrivastava, Rajeev _uJaypee University of Engineering and Technology _vGuna, Madhya Pradesh |
||
| 245 | 0 |
_aSocio-economic and environmental impact assessment of family type biogas plants in Guna District of Madhya Pradesh _b: |
|
| 260 |
_c2014 _aGuna |
||
| 300 | _avi, 118p | ||
| 536 | _aIndian Council of Social Science Research, New Delhi | ||
| 650 |
_aSocio-economic _vEnvironmental assessment _vSocial aspects _vBiogas _zGuna _zMadhya Pradesh |
||
| 942 |
_cRP _2ddc |
||